00424 a2200097 4500001001000000005001700010008004100027245012200068100002700190773010900217ART_1077620260410161854.0260409a 10aLas disposiciones en previsión de la propia incapacidad en el Proyecto de Código Civil y Comercial de la Nación1 aPestalardo, Alberto S.0 tDerecho privadogReforma del Código Civil I. Aspectos generales - Año I, Nº 2 (sep. 2012)wREV10455